[Event "TUR-chT Clubs"]
[Site "Konya"]
[Date "2019.07.20"]
[Round "7.3"]
[White "Karahan, Anil"]
[Black "Basaran, Alp"]
[Result "1-0"]
[WhiteElo "1889"]
[BlackElo "1857"]
[PlyCount "111"]
[EventDate "2019.07.16"]
[EventType "team-swiss"]
[EventRounds "9"]
[EventCountry "TUR"]
[SourceTitle "CBM 191 Extra"]
[Source "ChessBase"]
[SourceDate "2019.09.30"]
[SourceVersion "1"]
[SourceVersionDate "2019.09.30"]
[SourceQuality "1"]
[WhiteTeam "Artvin Il Ozel"]
[BlackTeam "Canakkale Doruk"]
[WhiteTeamCountry "TUR"]
[BlackTeamCountry "TUR"]

1. d4 Nf6 2. c4 g6 3. Nf3 Bg7 4. g3 0-0 5. Bg2 d6 6. 0-0 c6 7. Nc3 Qa5 8. e4 e5 9. d5 cxd5 10. cxd5 Bd7 11. Nd2 Rc8 12. Nb3 Qd8 13. h3 Na6 14. a4 Qf8 15. Bg5 h6 16. Be3 Ne8 17. Qd2 Kh7 18. Nc1 h5 19. Ra3 Nc5 20. b4 Na6 21. Nd3 Qe7 22. Rfa1 b6 23. Rb1 f5 24. Bf1 Nac7 25. Ne1 Bf6 26. b5 g5 27. exf5 Bxf5 28. Rb4 Ng7 29. a5 g4 30. h4 Bg6 31. Ne4 Nf5 32. Ng2 Nxe3 33. Nxf6+ Qxf6 34. Nxe3 Ne8 35. axb6 axb6 36. Rba4 Rxa4 37. Rxa4 Rc7 38. Ra6 Rb7 39. Qa2 Qf7 40. Ra8 Rc7 41. Qa3 Nf6 42. Rb8 Ne4 43. Qb2 Rb7 44. Rxb7 Qxb7 45. Bd3 Nf6 46. Bxg6+ Kxg6 47. Qc2+ e4 48. Qc6 Qa7 49. Qxd6 Qa1+ 50. Kg2 Qd4 51. Qe6 Qc5 52. d6 Qc3 53. d7 Qd3 54. Qe8+ Nxe8 55. dxe8Q+ Kf6 56. Qxh5 1-0

[Event "TUR-chT Clubs"]
[Site "Konya"]
[Date "2019.07.17"]
[Round "3.1"]
[White "Basaran, Alp"]
[Black "Gulsoy, Mustafa Alpago"]
[Result "0-1"]
[WhiteElo "1857"]
[BlackElo "2069"]
[PlyCount "82"]
[EventDate "2019.07.16"]
[EventType "team-swiss"]
[EventRounds "9"]
[EventCountry "TUR"]
[SourceTitle "CBM 191 Extra"]
[Source "ChessBase"]
[SourceDate "2019.09.30"]
[SourceVersion "1"]
[SourceVersionDate "2019.09.30"]
[SourceQuality "1"]
[WhiteTeam "Canakkale Doruk"]
[BlackTeam "Krater Genclik"]
[WhiteTeamCountry "TUR"]
[BlackTeamCountry "TUR"]

1. e4 d6 2. d4 Nf6 3. Nc3 e5 4. Nf3 Nbd7 5. g4 Nxg4 6. Rg1 Ngf6 7. Bc4 h6 8. Be3 c6 9. a4 a5 10. Qd2 Qc7 11. 0-0-0 b6 12. d5 Bb7 13. dxc6 Bxc6 14. Bd5 Bxd5 15. Nxd5 Nxd5 16. Qxd5 Rc8 17. Ne1 Qc6 18. Qxc6 Rxc6 19. b3 g6 20. Nd3 Bg7 21. Nb2 Ke7 22. Nc4 Rhc8 23. Na3 Nf6 24. f3 Rc3 25. Kd2 d5 26. Bxb6 dxe4 27. Bxa5 Rxf3 28. Bb4+ Ke6 29. Ke2 Nd5 30. Rxd5 Kxd5 31. Rd1+ Ke6 32. Nc4 Rh3 33. Rd6+ Kf5 34. Ne3+ Kg5 35. Bd2 Rxh2+ 36. Ke1 Kh5 37. Rd7 Bf6 38. Rxf7 Bh4+ 39. Kd1 Rd8 40. Nf1 Rhxd2+ 41. Nxd2 e3 0-1

[Event "TUR Cup"]
[Site "Antalya"]
[Date "2019.02.02"]
[Round "10"]
[White "Karakurt, Fahri"]
[Black "Basaran, Alp"]
[Result "0-1"]
[WhiteElo "1914"]
[BlackElo "1723"]
[PlyCount "82"]
[EventDate "2019.01.27"]
[EventType "swiss"]
[EventRounds "11"]
[EventCountry "TUR"]
[SourceTitle "CBM 188 Extra"]
[Source "ChessBase"]
[SourceDate "2019.02.26"]
[SourceVersion "1"]
[SourceVersionDate "2019.02.26"]
[SourceQuality "1"]

1. e4 c5 2. Nc3 d6 3. f4 g6 4. Nf3 Bg7 5. Bc4 Nc6 6. 0-0 Nf6 7. d3 0-0 8. Qe1 Bg4 9. Qh4 Bxf3 10. Rxf3 Nd4 11. Rf2 e6 12. f5 d5 13. fxg6 fxg6 14. exd5 exd5 15. Nxd5 Nxd5 16. Bg5 Qd7 17. Qe4 Rxf2 18. Bxd5+ Rf7 19. Rf1 Raf8 20. Be7 Nf5 21. Bxf8 Kxf8 22. Bxf7 Bd4+ 23. Kh1 Qxf7 24. Rf3 Qxa2 25. g4 Qb1+ 26. Kg2 Qxc2+ 27. Kh3 Bg1 28. gxf5 Qxh2+ 29. Kg4 Qh5+ 30. Kf4 g5+ 31. Ke5 Qe8+ 32. Kf6 Qd8+ 33. Ke6 Bh2 34. f6 Qe8+ 35. Kd5 Qc6+ 36. Kc4 b5+ 37. Kc3 Qxe4 38. dxe4 g4 39. Rf5 h6 40. e5 g3 41. e6 g2 0-1